[Event "Kimry Summer op"]
[Site "Kimry"]
[Date "2016.06.10"]
[Round "5"]
[White "Protasov, Sergey"]
[Black "Mkrtchyan, Mikhail"]
[Result "1-0"]
[WhiteElo "1788"]
[BlackElo "1406"]
[PlyCount "79"]
[EventDate "2016.06.08"]
[EventType "swiss"]
[EventRounds "7"]
[EventCountry "RUS"]
[SourceTitle "CBM 172 Extra"]
[Source "ChessBase"]
[SourceDate "2016.06.21"]
[SourceVersion "1"]
[SourceVersionDate "2016.06.21"]
[SourceQuality "1"]

1. e4 e5 2. Nf3 Nc6 3. d4 exd4 4. Bc4 d6 5. Nxd4 Ne5 6. Bb3 Nf6 7. Nc3 c5 8. Nde2 Be6 9. 0-0 Be7 10. f4 Nc6 11. Ng3 Qb6 12. Nd5 Bxd5 13. Bxd5 0-0 14. c3 Rfe8 15. Rf2 Nxd5 16. Qxd5 Bh4 17. Be3 Bxg3 18. hxg3 Qc7 19. Rd1 Re6 20. f5 Re5 21. Qxd6 Qxd6 22. Rxd6 Na5 23. Rd5 Rc8 24. Rxc5 Rcxc5 25. Bxc5 Rxe4 26. Bxa7 Nc6 27. Bb6 h6 28. Bc7 b5 29. f6 g6 30. Rd2 b4 31. cxb4 Nxb4 32. a3 Na6 33. Bd6 Re8 34. b4 Rd8 35. Bf4 Rxd2 36. Bxd2 Kf8 37. b5 Nc7 38. b6 Na6 39. b7 g5 40. Bc3 1-0

[Event "Kimry Summer op"]
[Site "Kimry"]
[Date "2015.06.09"]
[Round "3"]
[White "Protasov, Sergey"]
[Black "Lisyanskaya, Alina"]
[Result "1-0"]
[WhiteElo "1644"]
[BlackElo "1566"]
[PlyCount "141"]
[EventDate "2015.06.08"]
[EventType "swiss"]
[EventRounds "7"]
[EventCountry "RUS"]
[SourceTitle "CBM 167 Extra"]
[Source "ChessBase"]
[SourceDate "2015.09.14"]
[SourceVersion "1"]
[SourceVersionDate "2015.09.14"]
[SourceQuality "1"]

1. e4 c6 2. d4 d5 3. Nc3 dxe4 4. Nxe4 Nd7 5. Nf3 Ngf6 6. Bd3 Nxe4 7. Bxe4 Nf6 8. Bd3 e6 9. 0-0 Be7 10. c3 0-0 11. Bf4 c5 12. Qc2 Qd7 13. Rad1 Bd6 14. Be5 Qe7 15. Bxf6 Qxf6 16. Bxh7+ Kh8 17. Bd3 b6 18. Be4 Rb8 19. d5 Rd8 20. Rfe1 g6 21. dxe6 Bxe6 22. Qa4 a5 23. Bc2 Kg7 24. Bb3 Bxb3 25. Qxb3 Rh8 26. h3 b5 27. Qd5 Rhd8 28. Qg5 Qxg5 29. Nxg5 Bc7 30. Rxd8 Rxd8 31. Ne4 Re8 32. Kf1 c4 33. Nc5 Rxe1+ 34. Kxe1 Kf6 35. b3 cxb3 36. axb3 Ke5 37. Kd2 Kd5 38. Nd3 a4 39. Nb4+ Kc5 40. Na6+ Kb6 41. Nxc7 Kxc7 42. Kc2 Kc6 43. Kb2 Kc5 44. Ka3 g5 45. g3 Kd5 46. bxa4 bxa4 47. Kxa4 Ke4 48. h4 gxh4 49. gxh4 Kf4 50. c4 Kf3 51. h5 Kxf2 52. h6 f5 53. h7 f4 54. h8Q f3 55. Qh1 Ke3 56. Qe1+ Kf4 57. c5 f2 58. Qf1 Ke5 59. Kb5 Kd5 60. Kb6 Ke6 61. c6 Kd6 62. Kb7 Ke7 63. c7 Kd7 64. c8Q+ Kd6 65. Qcc4 Ke5 66. Kc6 Kf5 67. Kd6 Kg5 68. Ke6 Kh5 69. Kf6 Kh6 70. Qg4 Kh7 71. Qh1# 1-0

[Event "Kimry op 70th"]
[Site "Kimry"]
[Date "2014.08.28"]
[Round "1"]
[White "Protasov, Sergey"]
[Black "Smirnov, Konstantin"]
[Result "1-0"]
[WhiteElo "1616"]
[BlackElo "1826"]
[PlyCount "65"]
[EventDate "2014.08.28"]
[EventType "swiss"]
[EventRounds "7"]
[EventCountry "RUS"]
[SourceTitle "EXT 2015"]
[Source "ChessBase"]
[SourceDate "2014.11.20"]
[SourceVersion "1"]
[SourceVersionDate "2014.11.20"]
[SourceQuality "1"]

1. e4 e5 2. Nf3 Nc6 3. d4 exd4 4. Bc4 Bc5 5. c3 dxc3 6. Bxf7+ Kxf7 7. Qd5+ Ke8 8. Qh5+ g6 9. Qxc5 d6 10. Qxc3 Qf6 11. Bd2 Ke7 12. Bg5 Qxg5 13. Nxg5 Nf6 14. 0-0 Bd7 15. Nd2 h6 16. Ngf3 Rae8 17. Rac1 Rhf8 18. Rfe1 Kd8 19. b4 b5 20. a4 a6 21. axb5 axb5 22. Ra1 Ke7 23. e5 dxe5 24. Nxe5 Nxe5 25. Rxe5+ Kf7 26. Nf3 Kg7 27. Rd1 Bf5 28. Qxc7+ Kg8 29. Rxe8 Rxe8 30. Ne5 Rf8 31. Rd8 Rxd8 32. Qxd8+ Kg7 33. Qe7+ 1-0

[Event "Kimry-ch U21"]
[Site "Kimry"]
[Date "2014.03.02"]
[Round "7"]
[White "Protasov, Sergey"]
[Black "Dementieva, Julia"]
[Result "1-0"]
[WhiteElo "1587"]
[BlackElo "1744"]
[PlyCount "63"]
[EventDate "2014.02.23"]
[EventType "swiss"]
[EventRounds "7"]
[EventCountry "RUS"]
[SourceTitle "EXT 2016"]
[Source "ChessBase"]
[SourceDate "2015.10.08"]
[SourceVersion "1"]
[SourceVersionDate "2015.10.08"]
[SourceQuality "1"]

1. e4 c5 2. Nf3 Nc6 3. d4 cxd4 4. Nxd4 e5 5. Nb5 d6 6. N1c3 Nf6 7. Bg5 a6 8. Na3 b5 9. Nd5 Be7 10. Bxf6 Bxf6 11. Be2 Bg5 12. 0-0 Ne7 13. c4 Nxd5 14. Qxd5 Be6 15. Qc6+ Kf8 16. Rfd1 Be7 17. cxb5 axb5 18. Nxb5 Rc8 19. Qb7 Rb8 20. Qa7 Qb6 21. Qxb6 Rxb6 22. a4 g6 23. a5 Rc6 24. b4 Kg7 25. Na3 Rc3 26. b5 Bd7 27. a6 Rb8 28. a7 Ra8 29. b6 Bc6 30. Ba6 Bxe4 31. Nb5 Rb3 32. b7 1-0

[Event "Varna op U12"]
[Site "Varna"]
[Date "2013.07.02"]
[Round "8"]
[White "Protasov, Sergey"]
[Black "Yordanov, Lachezar"]
[Result "0-1"]
[WhiteElo "1596"]
[BlackElo "1614"]
[PlyCount "120"]
[EventDate "2013.06.24"]
[EventType "swiss"]
[EventRounds "9"]
[EventCountry "BUL"]
[SourceTitle "EXT 2014"]
[Source "ChessBase"]
[SourceDate "2013.11.20"]
[SourceVersion "1"]
[SourceVersionDate "2013.11.20"]
[SourceQuality "1"]

1. e4 d6 2. Nf3 Nf6 3. Nc3 g6 4. d4 Bg7 5. h3 0-0 6. Be3 c6 7. Qd2 b5 8. Bd3 Nbd7 9. 0-0 e5 10. Rfd1 Qe7 11. a3 Bb7 12. d5 cxd5 13. Bxb5 d4 14. Bxd4 exd4 15. Nxd4 Nc5 16. f3 a6 17. Bc6 Rfd8 18. Rab1 Qc7 19. Bxb7 Qxb7 20. Nde2 Ne6 21. Nd5 Nxd5 22. Qxd5 Qb6+ 23. Kh1 Qf2 24. Qd3 Be5 25. Rf1 Qh4 26. Qe3 Nf4 27. Qf2 Qg5 28. Nxf4 Qxf4 29. g4 Rac8 30. c3 Kh8 31. Rg1 Rf8 32. Rg2 Rb8 33. Rgg1 Rb7 34. Qc2 Rfb8 35. Rgf1 Qg3 36. a4 Qxh3+ 37. Kg1 Bf4 38. Qe2 Qg3+ 39. Kh1 Re7 40. Rbd1 h5 41. gxh5 Re5 42. Qg2 Rxh5+ 43. Kg1 Be3+ 44. Rf2 Qxf2+ 45. Qxf2 Bxf2+ 46. Kxf2 Rxb2+ 47. Ke3 Rc2 48. Rxd6 Rxc3+ 49. Kd4 Rxf3 50. Rxa6 Ra3 51. e5 Rxa4+ 52. Rxa4 Rh4+ 53. Kd5 Rxa4 54. Kd6 g5 55. Ke7 Ra7+ 56. Kf6 g4 57. e6 fxe6 58. Kxe6 g3 59. Ke5 g2 60. Kd4 g1R 0-1

[Event "Kimry Summer op 63rd"]
[Site "Kimry"]
[Date "2012.06.09"]
[Round "4"]
[White "Protasov, Sergey"]
[Black "Kobozeva, Viktoria"]
[Result "0-1"]
[WhiteElo "1568"]
[BlackElo "1793"]
[PlyCount "106"]
[EventDate "2012.06.08"]
[EventType "swiss"]
[EventRounds "7"]
[EventCountry "RUS"]
[SourceTitle "EXT 2014"]
[Source "ChessBase"]
[SourceDate "2013.11.20"]
[SourceVersion "1"]
[SourceVersionDate "2013.11.20"]
[SourceQuality "1"]

1. e4 c6 2. d4 d5 3. Nc3 dxe4 4. Nxe4 Bf5 5. Ng3 Bg6 6. Nf3 Nf6 7. h4 h6 8. Ne5 Bh7 9. Nh5 Nbd7 10. Nxd7 Qxd7 11. Nxf6+ exf6 12. Bd3 Bxd3 13. Qxd3 0-0-0 14. c3 Bd6 15. Be3 Rde8 16. 0-0-0 Kb8 17. h5 Qe6 18. Kb1 Qe4 19. Qxe4 Rxe4 20. Kc2 Kc7 21. Kd3 Rhe8 22. Rde1 Kd7 23. Rh3 f5 24. g3 c5 25. dxc5 Bxc5 26. Rh4 Rxh4 27. gxh4 f4 28. Bxc5 Rxe1 29. Bxa7 Rh1 30. Bd4 f6 31. Bc5 Kc8 32. a4 Rxh4 33. b4 Rxh5 34. a5 Rxc5 35. bxc5 Kd7 36. Ke4 g5 37. f3 h5 38. Kf5 h4 39. Kg4 f5+ 40. Kh3 Kc6 41. Kg2 g4 42. fxg4 fxg4 43. Kg1 f3 44. Kf2 Kxc5 45. c4 Kxc4 46. a6 bxa6 47. Kg1 g3 48. Kh1 h3 49. Kg1 a5 50. Kh1 a4 51. Kg1 a3 52. Kh1 a2 53. Kg1 a1Q# 0-1

[Event "Kimry Summer op 62nd"]
[Site "Kimry"]
[Date "2012.04.17"]
[Round "7"]
[White "Protasov, Sergey"]
[Black "Vetokhin, Ilia"]
[Result "1-0"]
[WhiteElo "1564"]
[BlackElo "1570"]
[PlyCount "53"]
[EventDate "2012.04.14"]
[EventType "swiss"]
[EventRounds "8"]
[EventCountry "RUS"]
[SourceTitle "EXT 2014"]
[Source "ChessBase"]
[SourceDate "2013.11.20"]
[SourceVersion "1"]
[SourceVersionDate "2013.11.20"]
[SourceQuality "1"]

1. e4 e5 2. Nf3 Nc6 3. d4 exd4 4. Bc4 d6 5. Nxd4 Bd7 6. 0-0 Nf6 7. Nc3 Be7 8. Re1 0-0 9. Nd5 Re8 10. Nxc6 Bxc6 11. Nxe7+ Rxe7 12. f3 h6 13. Bf4 Nd7 14. Re2 Ne5 15. Bb3 Re8 16. Qe1 Qf6 17. Qg3 Ng6 18. Bd2 Qh4 19. Qxg6 d5 20. Qf5 Rad8 21. Bc3 Bd7 22. Qxd5 Be6 23. Qe5 f6 24. Bxe6+ Kf8 25. Bb4+ Re7 26. Bxe7+ Kxe7 27. Qxc7+ 1-0